| 000 | 00705nam a2200205 i 4500 | ||
|---|---|---|---|
| 001 | 60723 | ||
| 003 | ES-MaACL | ||
| 005 | 20250902103425.0 | ||
| 007 | t| | ||
| 008 | 031106s1903 sp ||||1| spa d | ||
| 100 | 1 |
_aEspinosa, Sixto. _947900 |
|
| 245 | 1 | 0 |
_aSidi Bel Abees _b: conferencia pronunciada en la Real Sociedad Geográfica el 23 abril 1902 / _cpor Sixto Espinosa. |
| 260 |
_aAlmería : _b[s.n.], _c1903 ( _fImp. La Industria) |
||
| 300 |
_a23 p. ; _c21 cm. |
||
| 594 | _aPrecede al tít.: Real Sociedad Geográfica. | ||
| 651 | 4 |
_aSidi-Bel-Abbés- _xDescripción. _9146362 |
|
| 710 | 2 |
_aReal Sociedad Geográfica _96403 |
|
| 852 |
_aES-MaACL _jT-1039-F-6 |
||
| 999 |
_c60723 _d60723 |
||